| 000 | 00775 a2200205 4500 | ||
|---|---|---|---|
| 001 | 54065 | ||
| 005 | 20260407155811.0 | ||
| 008 | 260407a1965 arg spa d | ||
| 003 | AR-UNSa-BCEJYS | ||
| 040 |
_aAR-UNSa-BCEJYS _bspa _cAR-UNSa-BCEJYS |
||
| 080 |
_a330.834 _xKeynes y el keynesianismo. Neokeynesianismo. Poskeynesianismo |
||
| 245 | 1 | 0 | _aKeynes y el pensamiento macroeconómico actual |
| 264 | 1 |
_aMadrid : _bTecnos _c1965 |
|
| 300 |
_a204 p. _c23 cm. |
||
| 505 | _a1. La teoría keynesiana y el resurgimiento neoclásico - 2. La demanda de consumo - 3. La demanda de inversión - 4. La función de demanda de dinero - 5. Keynes y los problemas de hoy | ||
| 041 | _aspa | ||
| 942 | _cBK | ||
| 590 | _aniveau_biblio:m niveau_hierar:0 | ||
| 100 | 1 | _aRojo, Luis Ángel | |
| 999 |
_c5333 _d5333 |
||